Rooftop bárok - új trend a vendéglátásban

Bibliográfiai részletek
Szerző: Sipos Beatrix Réka
További közreműködők: Csizmár József
Dokumentumtípus: Diplomadolgozat
Kulcsszavak:rooftop
panoráma
tetőterasz
bár
vendéglátás
Online Access:http://dolgozattar.uni-bge.hu/8482

MARC

LEADER 00000nta a2200000 i 4500
001 dolg8482
005 20170214153402.0
008 161208suuuu hu om 000 hun d
040 |a BGE Dolgozattár Repozitórium  |b hun 
041 |a hu 
100 1 |a Sipos Beatrix Réka 
245 1 0 |a Rooftop bárok - új trend a vendéglátásban  |c Sipos Beatrix Réka  |h [elektronikus dokumentum] 
695 |a rooftop 
695 |a panoráma 
695 |a tetőterasz 
695 |a bár 
695 |a vendéglátás 
700 1 |a Csizmár József  |e ths 
856 4 0 |u http://dolgozattar.uni-bge.hu/8482/1/Rooftop%20b%C3%A1rok%20-%20%C3%BAj%20trend%20a%20vend%C3%A9gl%C3%A1t%C3%A1sban.pdf  |z Dokumentum-elérés